000 004480000a22001810004500
003 LK-CoMWRAF
008 230817t ||||| |||| 00| 0 eng d
040 _aLK-CoMWRAF
_dLK-CoMWRAF
_eLK-CoMWRAF
041 _aeng
082 _a502
_bISL
245 _aIslamia ULakil Pennkal Saddankal Thodaka Muatsikal
_b
260 _aColombo
_bMWRAf
_c1998
300 _ap.90
650 _aMuslim law
650 _aShirkat Gah
650 _aTamil
942 _cBK
999 _c3140
_d3140